Unleashed : (Record no. 24371)

MARC details
000 -LEADER
fixed length control field 01569cam a22002298i 4500
020 ## - INTERNATIONAL STANDARD BOOK NUMBER
ISBN 9781633697041
041 ## - LANGUAGE CODE
Language code of text/sound track or separate title English
082 00 - DEWEY DECIMAL CLASSIFICATION NUMBER
Classification number 658.314
Item number FRI
100 1# - MAIN ENTRY--AUTHOR NAME
Author name Frei, Frances,
245 10 - TITLE STATEMENT
Title Unleashed :
Sub Title the unapologetic leader's guide to empowering everyone around you /
Statement of responsibility, etc Frances Frei, Anne Morriss.
260 ## - PUBLICATION, DISTRIBUTION, ETC. (IMPRINT)
Place of publication Boston :
Name of publisher Harvard Business Review Press ,
Year of publication 2020 .
300 ## - PHYSICAL DESCRIPTION
Number of Pages x, 212 pages :
Dimensions 22 cm.
500 ## - GENERAL NOTE
General note Includes index.
505 0# - FORMATTED CONTENTS NOTE
Formatted contents note 1. It's not about you: leadership is about empowering other people as a result of your presence - and making sure that impact continues into your absence -- Part I : Presence. -- 2. Trust: trust is the foundation for empowering leadership. You build trust as a leader when you reveal authenticity, empathy, and logic -- 3. Love: you empower other people as a leader when you simultaneously set high standards and reveal deep devotion to them -- 4. Belonging: you empower teams as a leader when you champion difference and ensure that everyone can contribute their unique capacities and perspectives -- Part II : Absence -- 5. Strategy: you to empower organizations by showing people how to create and capture value on their own -- 6. Culture: where strategy is silent, culture fills the space. Culture allows you to empower organizations - and beyond - by changing the way people think and act.
650 #0 - SUBJECT ADDED ENTRY--TOPICAL TERM
Subject Employee empowerment.
650 #0 - SUBJECT ADDED ENTRY--TOPICAL TERM
Subject Executive ability.
650 #0 - SUBJECT ADDED ENTRY--TOPICAL TERM
Subject Executives
General subdivision Psychology.
650 #0 - SUBJECT ADDED ENTRY--TOPICAL TERM
Subject Leadership.
700 1# - ADDED ENTRY--PERSONAL NAME
Author 2/ Editor Morriss, Anne,
942 ## - ADDED ENTRY ELEMENTS (KOHA)
Source of classification or shelving scheme Dewey Decimal Classification
Koha item type Books
Holdings
Withdrawn status Lost status Source of classification or shelving scheme Damaged status Not for loan Home library Current library Shelving location Date acquired Source of acquisition Cost, normal purchase price Bill Date Full call number Accession Number Price effective from Koha item type
    Dewey Decimal Classification     Institute of Public Enterprise, Library Institute of Public Enterprise, Library S Campus 07/01/2026 Feel Books Pvt 1499.00 20-04-2026 658.314 FRI 51068 07/01/2026 Books

Maintained and Designed by
2cqr automation private limited, Chennai. All Rights Reserved.

You are Visitor Number

PHP Hits Count